The American democracy / (Record no. 22391)

000 -LEADER
fixed length control field 00393cam a2200145 a 4500
020 ## - INTERNATIONAL STANDARD BOOK NUMBER
ISBN 0072322500
040 ## - CATALOGING SOURCE
Transcribing agency DLC
082 00 - DEWEY DECIMAL CLASSIFICATION NUMBER
Classification number 320 THO 2001 C284 Or.
100 1# - MAIN ENTRY--AUTHOR NAME
Personal name Patterson, Thomas E.
245 14 - TITLE STATEMENT
Title The American democracy /
250 ## - EDITION STATEMENT
Edition statement 5th ed.
260 ## - PUBLICATION, DISTRIBUTION, ETC. (IMPRINT)
Place of publication Boston :
Name of publisher McGraw Hill,
Year of publication c2001.
300 ## - PHYSICAL DESCRIPTION
Number of Pages xxxvi, 623, A-24, G-11, N-16, C-5, I-18 p. :
Other physical details col. ill. ;
Dimensions 26 cm.
942 ## - ADDED ENTRY ELEMENTS (KOHA)
Koha item type ADB
952 ## - LOCATION AND ITEM INFORMATION (KOHA)
Withdrawn status [LOCAL, KOHA] 0
Holdings
Permanent Location Date acquired Koha item type Lost status Shelving location Barcode Current Location Full call number
Library Block C2023-12-11ADB C284a16973Library Block C320 THO 2001 C284 Or.
មជ្ឈមណ្ឌលឯការនៃសាកលវិទ្យាល័យភូមិន្ទកសិកម្មចំការដូង

Powered by Koha